000 00964nam0a2200277 4500
001 RU\NLR\BIBL_A\012090389
005 20250128194045.0
010 _a978-5-295-07152-2
_92000
021 _aRU
_bКН-П-19-053661
_9КН-П-19-3867
035 _a(NLR Aleph) 012090389
090 _a13296625
_c13296625
100 _a20190910d2019 d y0rusy50 ca
101 0 _abak
102 _aRU
105 _aac z 000 y
200 1 _aЗәңгәр офоҡтар
_e[повестар]
_fДинис Бүләков
210 _aӨфө
_cКитап
_d2019
215 _a334,[2] б.
_cпортр., ил.
_d27
541 1 _6z01790
_aГолубые горизонты
_eповести.
_zrus
686 1 _aШ9(2)6=Баш-4
700 1 _aБүләков
_bД. М.
_f1944-1995
_gДинис Мөҙәрис улы
_4070
790 1 _6z01541
_aБуляков
_bД. М.
_gДинис Мударисович
_4070
852 _aNLR
_bОНЛ
_jБашк./4-603
942 _cBOOK
980 _aNB